000 nam a22 a 4500
999 _c736
_d736
003 AKMAL
005 20170505090231.0
008 170505s1995 my 00 may d
020 _a9839118935 (kkt.):
_cRM 7.50
040 _aAKMAL
082 0 4 _a297.1 ABU
090 _a297.1
_bABU
245 0 0 _aSikap Islam terhadap orang-orang musyrik /
_cpenyusun Abu Bahili An Nahli
260 _aJohor Bahru :
_bPerniagaan Jahabersa,
_c1995
300 _aii, 137ms. ;
_c21cm
500 _aMengandungi ayat-ayat dari al-Quran
650 _aIslam
_xRelations
_91577
650 _aIslam
_xRelations
_xJudaism
_91578
650 _aIslam and politics
_xHistory
_91579
700 0 _aAbu Bahili An-Nahli
_91580
942 _2ddc
_cBOOK